|
|
|
|
| LEADER |
00000nam a2200000 a 4500 |
| 001 |
vtls001323854 |
| 003 |
SK-MaSNL |
| 005 |
20260301235535.0 |
| 008 |
240318s1997 xo r slo |
| 015 |
|
|
|a SNBA1998/07-02362
|
| 020 |
|
|
|a 8088796814
|
| 035 |
|
|
|a SNK000276555
|
| 035 |
|
|
|a urn:nbn:sk:snk-amk66b
|
| 035 |
|
|
|a urn:nbn:sk:snk-am004ohs
|
| 035 |
|
|
|a 180D288E-798D-47F2-B0DF-ACD722C8A8A5
|
| 040 |
|
|
|a SNK
|b slo
|c SNK
|e AACR2
|
| 041 |
0 |
|
|a slo
|
| 044 |
|
|
|a xo
|c SK
|
| 080 |
|
|
|a 658.1(035)
|2 1981
|
| 100 |
1 |
|
|a Lupták, Dávid
|4 aut
|9 19764
|
| 245 |
1 |
0 |
|a Malé a stredné podnikanie
|c Dávid Lupták
|
| 260 |
|
|
|a Bratislava
|b Metodické centrum v Bratislave
|c 1997
|
| 300 |
|
|
|a 33 s.
|c 21 cm
|
| 650 |
0 |
7 |
|a podnikanie malé
|x príručky
|2 SNK
|9 632923
|
| 650 |
0 |
7 |
|a podnikanie stredné
|x príručky
|2 SNK
|9 632924
|
| 655 |
|
7 |
|a príručky
|2 SNK
|9 74364
|
| 919 |
|
|
|a 80-88796-81-4
|
| 958 |
|
|
|a TL
|
| 958 |
|
|
|a NB
|
| 958 |
|
|
|a BQ
|
| 999 |
|
|
|c 975513
|d 977443
|
| 952 |
|
|
|t P60, <09>, [BOOK], {629}
|a SNK
|b SNK
|y NEVYP
|7 0
|o snkC 246
|i snk442/980316
|0 0
|1 0
|4 0
|d 1998-03-10
|l 0
|r 2005-01-02 00:00:00
|w 2026-02-24
|
| 952 |
|
|
|t P60, <03>, [BOOK], {603}
|a SNK
|b SNK
|y PREZ
|7 0
|p 17A0125065
|o snkSC 95253
|i snkKSP 2558/98
|0 0
|1 0
|4 0
|d 1998-03-10
|f 1
|l 0
|r 2025-09-12 00:00:00
|w 2026-02-24
|
| 952 |
|
|
|t P60, <04>, [BOOK], {604}
|a SNK
|b SNK
|y VYP
|7 0
|p 17A0125064
|o snkSC 95253 D1
|i snkKSP 2559/98
|0 0
|1 0
|4 0
|d 1998-03-10
|l 0
|r 2005-01-02 00:00:00
|w 2026-02-24
|